The Hunger Games Tributes - Statistics

General Stats
  • This quiz has been taken 573 times
  • The average score is 8 of 9
Answer Stats
Hint Answer % Correct
12 Girl Katniss
99%
12 Boy Peeta
99%
2 Boy Cato
97%
11 Girl Rue
97%
2 Girl Clove
94%
5 Girl Foxface
94%
1 Girl Glimmer
94%
1 Boy Marvel
90%
11 Boy Thresh
70%
No matching quizzes found
Score Distribution
Percent of People with Each Score
Percentile by Number Answered
Your Score History
You have not taken this quiz